000 00366nam a22001337a 4500
003 SGT
020 _a8173152691
082 _a200
_bK99S
100 _aशर्मा, मनु
245 _aखांडव दाह : कृष्ण की आत्मकथा
260 _bप्रभात प्रकाशन
_c1999
300 _a322
942 _2ddc
_cBK
999 _c31670
_d31670